The Renegade (Record no. 542514)

000 -LEADER
fixed length control field 00440nam a2200157Ia 4500
020 ## - INTERNATIONAL STANDARD BOOK NUMBER
International Standard Book Number (hb)
082 ## - DEWEY DECIMAL CLASSIFICATION NUMBER
Classification number 320.9567
Author Mark RIZ
100 ## - MAIN ENTRY--PERSONAL NAME
Personal name Yaseen- Rizvi
9 (RLIN) 462
245 ## - TITLE STATEMENT
Title The Renegade
Remainder of title a narration of the mother of all retreats
260 ## - PUBLICATION, DISTRIBUTION, ETC.
Place of publication, distribution, etc. Lahore
Name of publisher, distributor, etc. The Author
Date of publication, distribution, etc. 1991
300 ## - PHYSICAL DESCRIPTION
Extent 147p
526 ## - STUDY PROGRAM INFORMATION NOTE
Program name 0
Interest level 0
Reading level 0
Title point value 320_956700000000000_RIZ
650 ## - SUBJECT ADDED ENTRY--TOPICAL TERM
Topical term or geographic name entry element Kuwait -- History -- 1990- Iraqi Invasion
9 (RLIN) 37694
650 ## - SUBJECT ADDED ENTRY--TOPICAL TERM
Topical term or geographic name entry element MCE
9 (RLIN) 379
942 ## - ADDED ENTRY ELEMENTS (KOHA)
Source of classification or shelving scheme
Koha item type Book
Holdings
Withdrawn status Lost status Source of classification or shelving scheme Damaged status Not for loan Permanent Location Current Location Date acquired Total Checkouts Total Renewals Full call number Barcode Date last seen Date last checked out Price effective from Koha item type
          Military College of Engineering (MCE) Military College of Engineering (MCE) 01/02/2014 1 1 320.9567 RIZ MCE-29359 11/08/2017 11/01/2017 01/02/2014 Book
© 2023 Central Library, National University of Sciences and Technology. All Rights Reserved.